02052nam a2200217uu 4500001000800000005001700008008004100025035001200066040001300078041000800091082000800099111007200107245008800179260008300267300003500350490002900385520130400414650003601718650002701754700005301781132823020260508084239.0130516e20100516 spa  a1328230 ccomduadb aspa 4a37820aCátedra Abierta de Extensión (1 : 2009 : Medellín),4auteaut10aMemorias : Vicerrectoría de Extensión : cuadernos de extensión : ciclos 1 y 2 aMedellín :bUniversidad de Antioquia, Vicerrectoría de Extensión,c2010. a161 páginas :bilustraciones0 aCuadernos de Extensión3 aLa Vicerrectoria de Extensión de la Universidad de Antioquia asume como una de sus prioridades la creación de espacios de diálogo que conciten el interés y la participación de expertos nacionales e internacionales en torno a la Extensión como dimensión sustantiva del quehacer universitario. La cátedra de Extensión, proyecto que busca dar respuesta a esta necesidad, se orienta a consolidar un espacio que resignifique el valor académico de la Extensión mediante la convocatoria a diversas voces universitarias y de la sociedad, que permitan alimentar la construcción de conocimiento y el enriquecimiento de las experiencias en el ámbito de la gestión de la extensión universitaria, con el fin de favorecer el mejoramiento de la pertinencia social de la educación superior. Para ello, la VIcerrectoría de Extensión convocó a un destacado grupo de académicos nacionales e internacionales que, con sus conocimientos y aportes, abrieron la senda para el desarrollo de este espacio de encuentro. Se pone así, a disposición de los lectores, el primero de los Cuadernos de Extensión, serie de textos que se constituye en la Memoria de la Cátedra de Extensión, cuyas dos sesiones inaugurales se realizaron en el año 2009, en la Universidad de Antioquia. 7aExtensión universitaria2lemb 4aUniversidad y sociedad10aJaramillo González, María Adelaida4edteedt